000 02020nam2a22002531 4500
001 RU\NLR\INFOCOMM20\5000009623
005 20260405151443.0
035 _a(NLR Aleph) 002354803
090 _a4523774
_c4523774
100 _a20041201d1989 |||y0rusy50 ca
101 0 _arus
102 _aRU
105 _ay ||||000|y
200 1 _aОсобенности планирования микробиологического и химико-фармацевтического эксперимента с учетом технических возможностей проведения опытов
_fЕ.В. Маркова и др.
210 _d1989
_aБ. м.
461 0 _1001RU\NLR\INFOCOMM20\5000009583
_12001#$aСистемы управления, автоматизация и оптимизация технологических процессов медицинской и микробиологической промышленности$eОбзор. информ.$fМ-во мед. и микробиол. пром-сти СССР. Науч.-произв. об-ние "Медбиоэкономика", ВНИИ систем упр. экон. исслед. и НТИ$v1989, Вып.1
_94523749
_cМ.
_d1987-
_fМ-во мед. и микробиол. пром-сти СССР. Науч.-произв. об-ние "Медбиоэкономика", ВНИИ систем упр. экон. исслед. и НТИ
_oОбзор. информ.
_tСистемы управления, автоматизация и оптимизация технологических процессов медицинской и микробиологической промышленности
_v1989, Вып.1
701 1 _4070
_7ca
_8rus
_aМаркова
_bЕ. В.
_cд-р техн. наук, писатель
_f1923-2023
_gЕлена Владимировна
_945580
_3RU\NLR\AUTH\7762650
801 1 _aRU
_bInfoComm
_c20041201
801 0 _aRU
_bNLR
_gPSBO
852 _aNLR
_jП10/6483
942 _cISSUE
980 _aNB
980 _aRUSPER